Statistiken für Alle Minderheiten Zyperns

Klicken Sie hier um das Quiz zu spielen!

Allgemein

  • Dieses Quiz wurde 42 mal gespielt
  • Das Durchschnittsergebnis liegt bei 7 aus 14

Antwortstatistiken

BevölkerungLand% Korrekt
31,044Griechenland
97%
1,162Deutschland
86%
3,235Syrien
79%
8,663Russland
69%
26,659Vereinigtes Königreich
66%
3,023Ukraine
62%
19,197Bulgarien
55%
24,376Rumänien
48%
2,955Indien
45%
2,951Polen
41%
2,113Georgien
34%
7,102Vietnam
24%
19,197Philippinen
21%
7,350Sri Lanka
7%

Verteilung der Resultate

Perzentil nach korrekt beantworteten Fragen

Anzahl Personen mit jedem Resultat

Ihre Resultats-Entwicklung

Sie haben dieses Quiz noch nicht gespielt